Tilastot visalle Maat, joissa asema on vaihdettu #2

Klikkaa tästä pelataksesi tätä visaa!

Yleistilastot

  • Tätä visaa on pelattu 10 kertaa
  • Keskiarvotulos 7 / 10

Vastaukset kartalla

Vastauksille on annettu kartalla punavihreä väri sen mukaan, kuinka moni on saanut sen oikein.
 

Vastaustilastot

maavaihtaa% Oikein
KreikkaBangladesh
100%
BangladeshKreikka
90%
Pohjois-KoreaUganda
90%
UgandaPohjois-Korea
90%
EcuadorGabon
70%
GabonEcuador
70%
NicaraguaAzerbaidžan
70%
AzerbaidžanNicaragua
50%
KyprosJamaika
30%
JamaikaKypros
20%

Tulosjakauma

Persentiili vastausten määrän mukaan

Jokaisen tuloksen saaneiden osuus

Tuloshistoriasi

Et ole pelannut tätä visaa